000 00336 a2200157 4500
001 47785
020 _a9780230443679
040 _cAnchieta - Aquarius
100 _aPascoe, Joanna
240 1 0 _aMonkeys
_lpor
245 1 0 _aMonkeys
300 _a23
362 0 _a2013
650 4 _aLiteratura infanto-juvenil em inglês
942 _cBK
999 _c47785
_d47785